000
00310nam a2200121Ia 4500
008
230907s9999||||xx |||||||||||||| ||und||
082
_a
620.1064,BER
100
_a
Bernard, Peter S.
_9
115156
245
0
_a
Turbulent flow :
260
_a
Wiley,
_b
Hoboken, N.J. :
_c
2002
300
_a
xiii, 497 p. :
942
_c
BK
999
_c
597728
_d
597728